banner koha

Flora da Reserva Ducke, Amazonas, Brasil: Rutaceae (Registro n. 328176)

MARC details
000 -LÍDER
fixed length control field 00938nab a2200277 i 4500
003 - CÓDIGO MARC DA AGÊNCIA CATALOGADORA
Campo de controle BR-BrBNA
005 - DATA E HORA DA ÚLTIMA ATUALIZAÇÃO
Campo de controle 20241018112650.0
008 - CAMPO DE TAMANHO FIXO
fixed length control field 241018b2005 bl.qr|pooa||| 00| 0 por |
040 ## - FONTE DA CATALOGAÇÃO
Agência catalogadora BR-BrBNA
Idioma da catalogação por
072 ## - CATEGORIA AGRIS
Código AGRIS F50
072 ## - CATEGORIA AGRIS
Código AGRIS F70
072 ## - CATEGORIA AGRIS
Código AGRIS K10
100 ## - ENTRADA PRINCIPAL - NOME PESSOAL
Nome pessoal Pirani, José Rubens
245 ## - TÍTULO PRINCIPAL
Título principal Flora da Reserva Ducke, Amazonas, Brasil: Rutaceae
500 ## - NOTA GERAL
Nota geral Publicação on-line; 8 ref.; 3 illus.
942 ## - ADDED ENTRY ELEMENTS (KOHA)
Koha item type Analítica
520 ## - NOTA DE RESUMO
Nota de conteúdo Não há resumos.
650 ## - ASSUNTO - THESAGRO
Cabeçalho tópico ou nome geográfico FLORA
650 ## - ASSUNTO - THESAGRO
Cabeçalho tópico ou nome geográfico COMPOSIÇÃO BOTÃNICA
650 ## - ASSUNTO - THESAGRO
Cabeçalho tópico ou nome geográfico RUTACEAE
650 ## - ASSUNTO - THESAGRO
Cabeçalho tópico ou nome geográfico ANATOMIA VEGETAL
650 ## - ASSUNTO - THESAGRO
Cabeçalho tópico ou nome geográfico MORFOLOGIA VEGETAL
773 0# - ENTRADA ANALÍTICA
Host Biblionumber 709
Registro do item 345304
Imprenta Rio de Janeiro-RJ Jardim Botanico do Rio de Janeiro 1935
Outro identificador 2024-5823
Título Rodriguésia (Brazil)
ISSN 0370-6583; 2175-7860 on-line
Colação v. 56(86) p. 189-204; (2005)
Número de controle de registro BR2024003305
856 ## - ACESSO E ENDEREÇO ELETRÔNICO
Identificador uniforme de recurso - URI https://www.scielo.br/j/rod/a/HFBwyxYq6hVx6mXbBKvq6Vf/?format=pdf&lang=pt

Nenhum exemplar disponível.

BINAGRI

Telefone: (61)3218-2567/2388/3357/2097 - binagri@agro.gov.br

Ministério da Agricultura e Pecuária , Esplanada dos Ministérios, Bloco D, Anexo B, Brasília/DF, CEP: 70.043-900